100 Biggest U.S. Cities after the Civil War on a Map - Statistics

General Stats
  • This quiz has been taken 772 times
  • The average score is 61 of 100
Answers on the Map
Answers color-coded by a green-red scale on the quiz's map according to % correct below.
 
Answer Stats
Population State City % Correct
298,977 IL Chicago
98%
942,292 NY New York City
98%
149,473 CA San Francisco
98%
191,418 LA New Orleans
97%
21,789 GA Atlanta
96%
250,526 MA Boston
96%
79,577 MI Detroit
96%
674,022 PA Philadelphia
96%
117,714 NY Buffalo
95%
267,354 MD Baltimore
94%
86,076 PA Pittsburgh
94%
69,422 NY Albany
93%
216,239 OH Cincinnati
93%
92,829 OH Cleveland
93%
25,865 TN Nashville
93%
310,864 MO St. Louis
93%
109,199 DC Washington
93%
31,274 OH Columbus
92%
48,244 IN Indianapolis
92%
40,226 TN Memphis
92%
71,440 WI Milwaukee
92%
51,038 VA Richmond
92%
48,956 SC Charleston
91%
32,260 MO Kansas City
89%
20,495 RI North Providence
89%
68,904 RI Providence
89%
16,283 CA Sacramento
89%
26,703 MA Springfield
88%
17,364 IL Springfield
88%
32,034 AL Mobile
87%
28,235 GA Savannah
87%
20,030 MN Saint Paul
86%
100,753 KY Louisville
84%
62,386 NY Rochester
82%
37,180 CT Hartford
81%
105,059 NJ Newark
81%
31,584 OH Toledo
80%
23,104 PA Harrisburg
79%
31,413 ME Portland
79%
43,051 NY Syracuse
78%
15,389 GA Augusta
77%
50,840 CT New Haven
76%
16,083 NE Omaha
76%
22,874 NJ Trenton
76%
19,646 PA Erie
75%
396,099 NY Brooklyn
72%
19,229 VA Norfolk
72%
82,546 NJ Jersey City
71%
30,473 OH Dayton
68%
16,507 MI Grand Rapids
68%
35,092 PA Scranton
65%
30,841 DE Wilmington
64%
17,718 IN Fort Wayne
63%
41,105 MA Worcester
62%
23,536 NH Manchester
61%
18,969 CT Bridgeport
55%
39,634 MA Cambridge
54%
28,804 NY Utica
54%
18,289 ME Bangor
53%
22,849 IL Peoria
52%
24,117 MA Salem
50%
21,830 IN Evansville
49%
20,038 IA Davenport
46%
20,045 NJ Camden
45%
19,280 WV Wheeling
44%
40,928 MA Lowell
43%
20,233 PA Lancaster
42%
15,087 KY Newport
40%
20,832 NJ Elizabeth
39%
20,080 NY Poughkeepsie
39%
33,930 PA Reading
37%
21,320 MA New Bedford
36%
33,579 NJ Paterson
36%
46,465 NY Troy
36%
24,052 IL Quincy
35%
53,180 PA Allegheny
32%
18,434 IA Dubuque
32%
19,565 MO St. Joseph
32%
26,766 MA Fall River
30%
20,297 NJ Hoboken
29%
28,921 MA Lawrence
29%
18,950 VA Petersburg
29%
28,233 MA Lynn
28%
16,103 IN Terre Haute
28%
15,389 MA Gloucester
24%
24,505 KY Covington
22%
15,863 NY Elmira
22%
16,653 CT Norwich
19%
16,030 PA Williamsport
19%
15,058 NJ New Brunswick
18%
20,910 NY Oswego
18%
14,930 IA Burlington
15%
18,629 MA Taunton
15%
17,873 KS Leavenworth
14%
28,323 MA Charlestown
13%
17,014 NY Newburgh
13%
17,225 NY Auburn
12%
15,396 IN New Albany
12%
18,547 MA Chelsea
9%
15,357 NY Cohoes
5%
No matching quizzes found
Score Distribution
Percent of People with Each Score
Percentile by Number Answered
Your Score History
You have not taken this quiz